LEADER 00476nab a2200145 i 4500 001 000000283776 003 CaOOAMICUS 005 20180831165243.0 008 180831n xx uu u0 0und r 013 $a36944 040 $aSeMil$bita 245 10$aDossier :$bFede e/o religione? - Titolo dalla copertina. 500 $aAprile 1994. 773 0 $t1993-1994.$dBologna : EDB, 1994.$w()238572 996 $6245$aDossier :$bFede e/o religione? - Titolo dalla copertina$9(OLS)http://semarc/title/365163 LEADER 00718nam a2200181 i 4500 001 000000250660 003 CaOOAMICUS 005 20160811000000.0 008 160811s1836 xx u000 u fre u 013 $a229565 040 $aSeMil$bita 245 10$aTome 2. 300 $a430 p., [1] c. di tav. ripieg. :$bill., c. geogr. 773 0 $aTocqueville, Alexis : de <1805-1859>$tDe la démocratie en Amérique.$dParis : Charles Gosselin (Paris : Imprimerie et fonderie de Fain, 1836)$b5. éd. revue et corrigée.$g2$w()33318 850 $aSeMil 852 $aSeMil$W1$xVenegono$y1$m3L I 70 FA$j201006$B201006$CSeMilBibl$Z2$F212737 $8I 961 $aRecupero: Mantegazza 996 $6245$aTome 2$9(OLS)http://semarc/title/1533